| Tag |
First Indicator |
Second Indicator |
Subfields |
| LEADER |
00000cam a2200000 a 4500 |
| 001 |
in00000729421 |
| 005 |
20151016080238.0 |
| 008 |
880308s1988 nyua b 00110 eng |
| 010 |
|
|
|a 88006835
|
| 020 |
|
|
|a 0070109044
|
| 035 |
|
|
|a (OCoLC)17676471
|
| 035 |
|
|
|9 ADG2790AM
|
| 040 |
|
|
|a DLC
|c DLC
|d TXA
|d UtOrBLW
|
| 049 |
|
|
|a TXAF
|c [A11561139]
|
| 050 |
0 |
0 |
|a TA730
|b .C484 1988
|
| 082 |
0 |
|
|a 624.1/52
|2 19
|
| 100 |
1 |
|
|a Church, Horace K.
|
| 245 |
1 |
0 |
|a Excavation planning reference guide /
|c Horace K. Church ; Jeremy Robinson, project editor.
|
| 264 |
|
1 |
|a New York :
|b McGraw-Hill,
|c [1988]
|
| 264 |
|
4 |
|c ©1988
|
| 300 |
|
|
|a 1 volume (various pagings) :
|b illustrations ;
|c 24 cm.
|
| 336 |
|
|
|a text
|b txt
|2 rdacontent
|
| 337 |
|
|
|a unmediated
|b n
|2 rdamedia
|
| 338 |
|
|
|a volume
|b nc
|2 rdacarrier
|
| 490 |
1 |
|
|a The McGraw-Hill engineering reference guide series
|
| 500 |
|
|
|a "The material in this volume has been published previously in Excavation handbook by Horace K. Church."--Verso title page.
|
| 504 |
|
|
|a Includes bibliography and index.
|
| 650 |
|
0 |
|a Excavation.
|
| 700 |
1 |
|
|a Robinson, Jeremy,
|d 1940-
|
| 700 |
1 |
|
|a Church, Horace K.
|t Excavation handbook.
|
| 830 |
|
0 |
|a McGraw-Hill engineering reference guide series.
|
| 999 |
|
|
|a MARS
|
| 999 |
f |
f |
|s c4a0e716-941f-3705-a99c-e46264a1d738
|i 2d86364a-03f7-366f-ac0c-fbdd7df01427
|t 0
|
| 952 |
f |
f |
|p ric
|a Texas A&M University
|b Rellis Campus
|c Joint Library Facility
|d Remote Storage
|t 0
|e TA730 .C484 1988
|h Library of Congress classification
|i unmediated -- volume
|m A14811561139
|
| 998 |
f |
f |
|a TA730 .C484 1988
|t 0
|l Remote Storage
|